000 01219nam a2200229Ia 4500
001 L231-6285
003 IT-CnALBA
008 170116s9999||||xx |||||||||||||| ||und||
040 _aIT-CnALBA
_cIT-CnALBA
041 _aITALIANO
100 _aGUERRIERO ELIO
245 0 _aL'OMBRA DI DIO. L'INEFFABILE E I SUOI NOMI.
250 _a1a ed.
260 _aCINISELLO BALSAMO (MI)
_bEDIZIONI PAOLINE
_c1991 [1° Ed.:1991 - Ed.Ling.Originale: 1991]
300 _a23 p.
500 _aATTI DEL I CONVEGNO TEOLOGICO DI CINISELLO 1990. DIALETTICA E RIVELAZIONE. RIVELAZIONE DEL PADRE DI IGNAZIO DE LA POTTERIE. GESÙ RIVELATORE DI DIO DIBOFF GIAMPIERO. DIO SILENZIO PAROLA INCONTRO DI BRUNO FORTE. ESPERIENZA DEL DIVINO DI NATOLI SALVATORE. DE
501 _aSocietà San Paolo EM - Piazza San Paolo, 14 - 12051 ALBA (CN) (non commercial uses only) ® Copyright 2017
520 _aATTI DEL I CONVEGNO TEOLOGICO DI CINISELLO 1990. DIALETTICA E RIVELAZIONE. RIVELAZIONE DEL PADRE DI IGNAZIO DE LA POTTERIE. GESÙ RIVELATORE DI DIO DIBOFF GIAMPIERO. DIO SILENZIO PAROLA INCONTRO DI BRUNO FORTE. ESPERIENZA DEL DIVINO DI NATOLI SALVATORE. DE
650 _aDIO TRINITÀ ATTRIBUTI DI DIO
942 _cBK
957 _71
999 _a7261
_bNO
_g Copie: 1
_c265467
_d265467